000 00456cam a2200181ua 4500
001 3038
008 110922n ii |||gr||||Z||||||eng
040 _cMAIN
082 _a920
100 _aMadhok, Balraj,
_eAuthor.
245 1 1 _aPortrait of a Martyr
_cby Balraj Madhok
250 _a1st.
260 _aBombay:
_bJaico publishing house,969.
300 _a255p:
_c23cm.
653 _aBiography
653 _aBiography of Portrait of a Martyr
942 _cBK
999 _c2886
_d2886